The Outline of history (Record no. 5852)

MARC details
000 -CABECERA
campo de control de longitud fija 00692nam a2200229 a 4500
001 - NÚMERO DE CONTROL
campo de control BRCA_6165
005 - FECHA Y HORA DE LA ÚLTIMA TRANSACCIÓN
campo de control 20190320205345.0
008 - DATOS DE LONGITUD FIJA--INFORMACIÓN GENERAL
campo de control de longitud fija 070711s1930----nyuab#####---#000-0#eng-#
041 ## - CÓDIGO DE LENGUA
Código de lengua del texto/banda sonora o título independiente eng
044 ## - CÓDIGO DEL PAÍS DE LA ENTIDAD EDITORA/PRODUCTORA
Código MARC del país nyu
050 #4 - SIGNATURA TOPOGRÁFICA DE LA BIBLIOTECA DEL CONGRESO
Número de clasificación D21
Número de documento/Ítem .W45 1930
100 1# - ENTRADA PRINCIPAL--NOMBRE DE PERSONA
Nombre de persona Wells, Herbert George
Fechas asociadas al nombre 1866-1946
9 (RLIN) 15538
245 10 - MENCIÓN DE TÍTULO
Título The Outline of history
Mención de responsabilidad, etc. by H.G. Wells; illustrated by S. F. Horrabin.
260 ## - PUBLICACIÓN, DISTRIBUCIÓN, ETC.
Lugar de publicación, distribución, etc. Garden City, Nueva York
Nombre del editor, distribuidor, etc. Garden City
Fecha de publicación, distribución, etc. 1930
300 ## - DESCRIPCIÓN FÍSICA
Extensión xxi, 1174 p.
Otras características físicas il., mapas
Dimensiones 21 cm.
500 ## - NOTA GENERAL
Nota general Incluye tabla cronológica e índice alfabético.
500 ## - NOTA GENERAL
Nota general K48
650 14 - PUNTO DE ACCESO ADICIONAL DE MATERIA--TÉRMINO DE MATERIA
Término de materia o nombre geográfico como elemento de entrada Historia universal
9 (RLIN) 9807
700 1# - PUNTO DE ACCESO ADICIONAL--NOMBRE DE PERSONA
Nombre de persona Horrabin, S. F.
Término indicativo de función/relación il.
9 (RLIN) 15539
902 ## - CATALOGADOR
Iniciales GFM
942 ## - ELEMENTOS DE PUNTO DE ACCESO ADICIONAL (KOHA)
Fuente del sistema de clasificación o colocación Library of Congress Classification
Tipo de ítem Koha Libros
Holdings
Estado de retiro Estado de pérdida Estado dañado No para préstamo Localización permanente Ubicación/localización actual Fecha de adquisición Número de inventario Total de préstamos Signatura topográfica completa Código de barras Fecha visto por última vez Precio válido a partir de Tipo de ítem Koha
El ejemplar forma parte de la colección y puede ser consultado según las políticas vigentes.       Biblioteca del Museo Franz Mayer (Rogerio Casas-Alatriste) Biblioteca del Museo Franz Mayer (Rogerio Casas-Alatriste) 07/07/2011 K48   D21 .W45 1930 (K48) 6604 22/03/2019 22/03/2019 Libros